Top 10 Tennis Grand Slam German Women's Players in Open Era - Statistics

General Stats
  • This quiz has been taken 60 times
  • The average score is 4 of 10
Answer Stats
# Player Best Performance Points % Correct
1 Steffi Graf Win (22) 202
98%
2 Angelique Kerber Win (3) 52
91%
7 Sabine Lisicki Final 16
63%
10 Andrea Petkovic Semifinals 10
52%
4 Anke Huber Final 31
37%
3 Claudia Kohde-Kilsch Semifinals 32
19%
6 Sylvia Hanika Final 25
7%
8 Bettina Bunge Semifinals 11
6%
5 Helga Masthoff Final 26
6%
9 Katja Ebbinghaus Quarterfinals 11
2%
No matching quizzes found
Score Distribution
Percent of People with Each Score
Percentile by Number Answered
Your Score History
You have not taken this quiz